Madhyasiddhāntakaumudī. (Record no. 88316)

MARC details
000 -LEADER
fixed length control field 01565cam a22003491 4500
001 - CONTROL NUMBER
control field sa 68018309
003 - CONTROL NUMBER IDENTIFIER
control field DLC
005 - DATE AND TIME OF LATEST TRANSACTION
control field 20260227112710.0
008 - FIXED-LENGTH DATA ELEMENTS--GENERAL INFORMATION
fixed length control field 860616s1968 ii 000 0 san
010 ## - LIBRARY OF CONGRESS CONTROL NUMBER
LC control number sa 68018309
020 ## - INTERNATIONAL STANDARD BOOK NUMBER
Terms of availability 6.00
025 ## - OVERSEAS ACQUISITION NUMBER
Overseas acquisition number PL480: I-San-1967
035 ## - SYSTEM CONTROL NUMBER
System control number (OCoLC)14148470
040 ## - CATALOGING SOURCE
Original cataloging agency DLC
Transcribing agency NN
Modifying agency DLC
041 0# - LANGUAGE CODE
Language code of text/sound track or separate title sanhin
050 00 - LIBRARY OF CONGRESS CALL NUMBER
Classification number PK541
Item number .V336 1968
100 0# - MAIN ENTRY--PERSONAL NAME
Personal name Varadarāja,
Dates associated with a name active 17th century.
245 10 - TITLE STATEMENT
Title Madhyasiddhāntakaumudī.
Statement of responsibility, etc. Śrīvaradarājācāryaviracitā. 'Sudhā' 'Indumatī' Saṃskr̥ta Hindīvyākhyopetā. Saṃskr̥tavyākhyākāraḥ Śrīsadāśivaśāstrī Jośī. Hindīvyākhyākāraḥ Śrīrāmacandra Jhā.
250 ## - EDITION STATEMENT
Edition statement [3. saṃskaraṇa]
260 ## - PUBLICATION, DISTRIBUTION, ETC.
Place of publication, distribution, etc. Vārāṇasī,
Name of publisher, distributor, etc. Caukhambā Saṃskr̥ta Sīrīja Āphisa,
Date of publication, distribution, etc. 1968.
300 ## - PHYSICAL DESCRIPTION
Extent 16,740 p.
Other physical details 19cm.
440 #0 - SERIES STATEMENT/ADDED ENTRY--TITLE
Title Haridāsa-Saṃskr̥ta-granthamālā,
Volume/sequential designation 213
500 ## - GENERAL NOTE
General note In Sanskrit; commentaries in Hindi and Sanskrit; introductory matter in Hindi.
500 ## - GENERAL NOTE
General note The Madhyasiddhantakaumudī by Varadarāja is an abridgement of and based on the Siddhāntakaumudī of Bhaṭṭojī Dīkṣita, which is in turn a commentary on Pāṇini's Aṣṭādhyāyi.
500 ## - GENERAL NOTE
General note Cover title: Vaiyākaraṇa-madhyasiddhānta-kaumudī.
650 #0 - SUBJECT ADDED ENTRY--TOPICAL TERM
Topical term or geographic name entry element Sanskrit language
General subdivision Grammar.
700 0# - ADDED ENTRY--PERSONAL NAME
Personal name Bhaṭṭojī Dīkṣita.
Title of a work Siddhāntakaumudī.
700 0# - ADDED ENTRY--PERSONAL NAME
Personal name Pāṇini.
Title of a work Aṣṭādhyāyi.
700 1# - ADDED ENTRY--PERSONAL NAME
Personal name Jośī, Sadāśivaśāstri.
Title of a work Sudhā.
700 1# - ADDED ENTRY--PERSONAL NAME
Personal name Jhā, Rāmacandra.
Title of a work Indumatī.
740 0# - ADDED ENTRY--UNCONTROLLED RELATED/ANALYTICAL TITLE
Uncontrolled related/analytical title Vaiyakaraṇa-madhyasiddhāntakaumudī.

No items available.

Powered by Koha